[Event "US op 122nd"]
[Site "Rancho Mirage"]
[Date "2022.07.31"]
[Round "2"]
[White "Daggupati, Balaji"]
[Black "Weng, Nicholas"]
[Result "1-0"]
[WhiteElo "2488"]
[BlackElo "1829"]
[PlyCount "65"]
[EventDate "2022.07.30"]
[EventType "swiss"]
[EventRounds "9"]
[EventCountry "USA"]
[SourceTitle "CBM 209 Extra"]
[Source "ChessBase"]
[SourceDate "2022.09.30"]
[SourceVersion "1"]
[SourceVersionDate "2022.09.30"]
[SourceQuality "1"]

1. e4 c5 2. Nf3 d6 3. Bc4 Nf6 4. d3 e6 5. 0-0 Be7 6. c3 0-0 7. Bb3 Nc6 8. Re1 d5 9. e5 Nd7 10. d4 f5 11. exf6 Nxf6 12. Bg5 Qc7 13. Nbd2 Bd6 14. Rc1 b5 15. Bc2 Qf7 16. dxc5 Bxc5 17. Bh4 Bd6 18. Ng5 Qe8 19. Nde4 Bf4 20. Nxf6+ Rxf6 21. Nxh7 Rh6 22. Nf6+ Rxf6 23. Bxf6 Bxc1 24. Qxc1 Qh5 25. Bg5 Bd7 26. Qf4 e5 27. Qh4 Qxh4 28. Bxh4 Be6 29. Bg3 d4 30. cxd4 Nxd4 31. Bb1 Rd8 32. Bxe5 Ne2+ 33. Kf1 1-0